Statistics for NES Classic Edition games

Click here to take the quiz!

General Stats

  • This quiz has been taken 251 times
  • The average score is 17 of 30

Answer Stats

Answer% Correct
Super Mario Bros.
94%
The Legend of Zelda
87%
Super Mario Bros. 2
84%
Super Mario Bros. 3
82%
Mario Bros.
78%
Metroid
73%
Zelda II: The Adventure of Link
71%
Donkey Kong
70%
Kirby's Adventure
70%
Castlevania
65%
Excitebike
65%
Dr. Mario
62%
Final Fantasy
59%
Ice Climber
59%
Punch-Out!! featuring Mr. Dream
59%
Kid Icarus
57%
Castlevania II: Simon's Quest
56%
Mega Man 2
51%
Balloon Fight
48%
Ninja Gaiden
47%
Pac-Man
47%
Donkey Kong Jr.
44%
StarTropics
43%
Bubble Bobble
39%
Super C
39%
Double Dragon II: The Revenge
38%
Tecmo Bowl
38%
Galaga
35%
Gradius
35%
Ghosts 'n Goblins
32%

Score Distribution

Percentile by Number Answered

Percent of People with Each Score

Your Score History

You have not taken this quiz